| 000 | 00608nam a2200193 a 4500 | ||
|---|---|---|---|
| 005 | 20230524064135.0 | ||
| 008 | 021008s1944 mx r 000 0 spa d | ||
| 035 | _aUPN01000120019 | ||
| 049 | _aCE | ||
| 050 | 4 |
_aB582 E8 _bM3.6 |
|
| 100 | 1 |
_aMarco Aurelio, _d121-180 |
|
| 245 | 1 | 0 |
_aSoliloquios de Marco Aurelio / _cIntrod., selec., y notas por Juan David García Bacca. |
| 260 |
_aMéxico : _bSEP, _c1944. |
||
| 300 | _a87 p. | ||
| 440 | 0 |
_aBiblioteca enciclopédica popular ; _v29 |
|
| 650 | 4 |
_aFilosofía antigua _96916 |
|
| 700 | 1 |
_aGarcía Bacca, Juan David, _d1901-1992 _ecomp. _930200 |
|
| 905 | _aLibro | ||
| 999 |
_c92369 _d92369 |
||